| 000 | 00602nam a2200229Ia 4500 | ||
|---|---|---|---|
| 008 | 160803s9999 xx 000 0 und d | ||
| 020 | _a0 394874714 | ||
| 100 | _aCole, Joanna | ||
| 245 | _aHungry, hungry sharks / | ||
| 245 | _cby Joanna Cole ; illustrated by Patricia Wynne. | ||
| 260 | _aNew York : | ||
| 260 | _bScholastic Inc. | ||
| 260 | _c1986 | ||
| 300 | _a52 unnumbered pages : | ||
| 300 | _bcolor illustrations ; | ||
| 300 | _c23 cm. | ||
| 440 | _aStep into reading., | ||
| 440 | _vStep 2 book. | ||
| 650 | _aSharks -- | ||
| 650 | _xJuvenile literature. | ||
| 700 | _a410 | ||
| 999 |
_c298969 _d298969 |
||